Ремонт и техническая эксплуатация автомобиля (Запись № 11723307)

Подробности
000 -МАРКЕР
контрольное поле 01751nam0a2200313 4500
001 - ИДЕНТИФИКАТОР ЗАПИСИ
контрольное поле RU\NLR\BIBL_A\012400625
005 - ИДЕНТИФИКАТОР ВЕРСИИ
контрольное поле 20250810073743.0
035 ## - ДРУГИЕ СИСТЕМНЫЕ НОМЕРА
Идентификатор записи (NLR Aleph) 012400625
100 ## - ДАННЫЕ ОБЩЕЙ ОБРАБОТКИ
Данные общей обработки 20110915d1945 u y0rusy50 ca
101 0# - ЯЗЫК РЕСУРСА
Язык текста, звукозаписи и т.д. русский
102 ## - СТРАНА ПУБЛИКАЦИИ ИЛИ ПРОИЗВОДСТВА
Страна публикации Российская Федерация
105 ## - ПОЛЕ КОДИРОВАННЫХ ДАННЫХ: ТЕКСТОВЫЕ МАТЕРИАЛЫ, МОНОГРАФИЧЕСКИЕ
Кодированные данные о монографическом текстовом документе a z |||z|
200 1# - ЗАГЛАВИЕ И СВЕДЕНИЯ ОБ ОТВЕТСТВЕННОСТИ
Основное заглавие Ремонт и техническая эксплуатация автомобиля
Сведения, относящиеся к заглавию (из опыта работы автомобильных частей Ленинградского фронта)
-- сборник
Первые сведения об ответственности Автомобильное управление Ленинградского фронта
Последующие сведения об ответственности [редакция: инж.-подполк. Попов М.Д. (отв. ред.) и др.]
210 ## - ПУБЛИКАЦИЯ, РАСПРОСТРАНЕНИЕ И ДР.
Место издания, распространения и т.д. Ленинград
Имя издателя, распространителя и т. д. Военное издательство Народного комиссариата обороны
Дата издания, распространения и т.д. 1945
215 ## - ФИЗИЧЕСКАЯ ХАРАКТЕРИСТИКА
Специфическое обозначение материала и объем 115 с.
Другие сведения о физической характеристике ил.
Размеры 20
606 1# - НАИМЕНОВАНИЕ ТЕМЫ КАК ПРЕДМЕТ
Наименование темы Военные автомобили
Формальный подзаголовок Сборники
Тематический подзаголовок Ремонт
Системный номер авторитетной/нормативной записи 1057232
Идентификатор авторитетной/нормативной записи RU\NLR\AUTH\6691352
606 1# - НАИМЕНОВАНИЕ ТЕМЫ КАК ПРЕДМЕТ
Наименование темы Военные автомобили
Формальный подзаголовок Сборники
Тематический подзаголовок Эксплуатация
Системный номер авторитетной/нормативной записи 2066760
Идентификатор авторитетной/нормативной записи RU\NLR\AUTH\661241329
686 1# - ИНДЕКСЫ ДРУГИХ КЛАССИФИКАЦИЙ
Индекс Ц621.11-9я43
702 #1 - ИМЯ ЛИЦА - ВТОРИЧНАЯ ОТВЕТСТВЕННОСТЬ
Код отношения Редактор
Графика поля Кириллица
Материалы, к которым относится поле rus
Начальный элемент ввода Попов
Часть имени, кроме начального элемента ввода М. Д.
Дополнения к именам, кроме дат воен. инженер
Даты 1903-
Расширение инициалов личного имени Михаил Дмитриевич
Системный номер авторитетной/нормативной записи 227255
Идентификатор авторитетной/нормативной записи RU\NLR\AUTH\770227311
712 02 - НАИМЕНОВАНИЕ ОРГАНИЗАЦИИ - ВТОРИЧНАЯ ОТВЕТСТВЕННОСТЬ
Код отношения Прочие
Начальный элемент ввода Ленинградский фронт
Структурное подразделение Автомобильное управление
Идентифицирующий признак 1941-1945
Системный номер авторитетной/нормативной записи 722729
Идентификатор авторитетной/нормативной записи RU\NLR\AUTH\880530360
852 ## - МЕСТОНАХОЖДЕНИЕ И ШИФР ХРАНЕНИЯ
Идентификатор организации NLR
Шифр хранения (Call Number) II Л3-258/1-63
942 ## - ДОПОЛНИТЕЛЬНЫЕ ЭЛЕМЕНТЫ ЗАПИСИ (АБИС)
Тип экземпляра АБИС Книга
945 ## - Информацию об издании предоставили:
Полное название организации, предоставившей материал Российская национальная библиотека
980 ## - КОЛЛЕКЦИЯ
Название коллекции Национальная библиография
980 ## - КОЛЛЕКЦИЯ
Название коллекции Библиография Победы

Нет доступных экземпляров.